Building Safety (Wales) Bill (Record no. 122208)
[ view plain ]
| 000 -LEADER | |
|---|---|
| fixed length control field | 01133nam a22002297a 4500 |
| 005 - DATE AND TIME OF LATEST TRANSACTION | |
| control field | 20250902095121.0 |
| 008 - FIXED-LENGTH DATA ELEMENTS--GENERAL INFORMATION | |
| fixed length control field | 250902s2025 xxk|||||ol|||o00| 0 eng d |
| 041 ## - LANGUAGE CODE | |
| Language code of text/sound track or separate title | eng |
| 110 ## - MAIN ENTRY--CORPORATE NAME | |
| Corporate author | Senedd Cymru |
| 245 ## - TITLE STATEMENT | |
| Title | Building Safety (Wales) Bill |
| 260 ## - PUBLICATION INFORMATION | |
| Date | 2025 |
| 520 ## - ABSTRACT | |
| Abstract | Three years after the introduction of the English Building Safety Act (BSA), the Building Safety (Wales) Bill imposes similar duties to those in England but seeks to apply them to a much wider group of building owners. Duties apply to all buildings that contain two or more residential dwellings, not just those who own or manage higher risk buildings over 18m or seven stories. |
| 650 ## - KEYWORDS | |
| Keywords | BUILDING CONTROL |
| 650 ## - KEYWORDS | |
| Keywords | BUILDNG SAFETY (WALES) BILL |
| 650 ## - KEYWORDS | |
| Keywords | FIRE SAFETY |
| 650 ## - KEYWORDS | |
| Keywords | ACCOUNTABLE PERSONS |
| 651 ## - SUBJECT ADDED ENTRY--GEOGRAPHIC NAME | |
| Geographic name | Wales |
| 690 ## - BROAD SUBJECT | |
| Broad subject | Building control |
| 9 (RLIN) | 6222 |
| 856 ## - ONLINE RESOURCE | |
| Uniform Resource Identifier | <a href="https://research.senedd.wales/research-articles/building-safety-wales-bill-resource-page/">https://research.senedd.wales/research-articles/building-safety-wales-bill-resource-page/</a> |
| Public note | Senedd Bill resource page |
| 856 ## - ONLINE RESOURCE | |
| Uniform Resource Identifier | <a href="https://devonshires.foleon.com/reports/examining-the-building-safety-wales-bill/">https://devonshires.foleon.com/reports/examining-the-building-safety-wales-bill/</a> |
| Public note | Commentary by Devonshires |
| 942 ## - ADDED ENTRY ELEMENTS (KOHA) | |
| Suppress in OPAC | Do not suppress in OPAC |
| Lost status | Damaged status | Not for loan | Home library | Current library | Shelving location | Date acquired | Total Checkouts | Full call number | Date last seen | Price effective from | Koha item type |
|---|---|---|---|---|---|---|---|---|---|---|---|
| Virtual | Virtual | Online | 02/09/2025 | LEGISLATION | 02/09/2025 | 02/09/2025 | Online material |